| 000 | 00311nam a2200121Ia 4500 | ||
|---|---|---|---|
| 008 | 220120s9999||||xx |||||||||||||| ||und|| | ||
| 082 | _a823 MAR | ||
| 100 |
_aMark, Jan _911923 |
||
| 245 | 0 | _aRiding tycho | |
| 260 |
_aHodder _bNew Delhi _c2006 |
||
| 300 |
_aXVIII,743p. _b0 |
||
| 650 | _aDIGITAL DESIGN/LOGIC DESIGN | ||
| 999 |
_c137462 _d137462 |
||